Training for change : activities to promote positive attitudes to change

Αποθηκεύτηκε σε:
Λεπτομέρειες βιβλιογραφικής εγγραφής
Κύριος συγγραφέας: Bishop, Sue 1949-
Άλλοι συγγραφείς: Taylor, David 1945
Μορφή: Βιβλίο
Γλώσσα:English
Δημοσίευση: London : Kogan Page, c1996
Σειρά:Kogan Page training activities series
Θέματα:
Ετικέτες: Προσθήκη ετικέτας
Δεν υπάρχουν, Καταχωρήστε ετικέτα πρώτοι!

MARC

LEADER 00000nam a2200000 i 4500
001 1/69874
008 050124s1996 eng d
020 |a 0-7494-2006-5 (loose-leaf) 
035 |l 10076063 
040 |a GR-MY-UA  |b gre  |e aacr 
041 0 |a eng 
082 0 |a 658.406 
100 1 |a Bishop, Sue  |d 1949- 
245 1 0 |a Training for change :  |b activities to promote positive attitudes to change /  |c Sue Bishop & David Taylor 
260 |a London :   |b Kogan Page,   |c c1996 
300 |a 351 σ. (κινητά φύλλα);  |c 30 εκ. 
490 1 |a Kogan Page training activities series 
504 |a Περιλαμβάνει βιβλιογραφία 
650 0 0 |a Organizational change  |x Management  |x Problems, exercises, etc. 
650 0 0 |a Organizational effectiveness  |x Problems, ecercises, etc. 
650 0 0 |a Employees  |x Training of  |x Problems, exercises, etc. 
700 1 |a Taylor, David  |d 1945. 
830 0 |a Kogan Page training activities series 
852 |a INST  |b CHIOS  |e 20050124  |h 658.406 BIS  |p 005200022961  |q 005200022961  |t BK  |y 0 
901 |a BIBL2-2005-1 
909 |a Χ  |b 106752 
922 |a 2ΕΛΗ  |b 200310  |c ΤΔΕ  |d ΜΙΧΑΛΟΠΟΥΛΟΣ 
950 |a 112-2003-09-05 
970 |a ΣΑΛΑΜΟΥΡΑ  |b ΜΑΡΙΑ  |z 2005/01/28